Faculty of Law Library — Cairo University

Official Online Catalog

انتخابات مجلس الشعب(1984) : (Record no. 43240)

MARC details
000 -LEADER
fixed length control field 01769nam a2200385 i 4500
003 - CONTROL NUMBER IDENTIFIER
control field EG-GICUC
005 - DATE AND TIME OF LATEST TRANSACTION
control field 20260121101221.0
008 - FIXED-LENGTH DATA ELEMENTS--GENERAL INFORMATION
fixed length control field 251114s1986 ua ||||fr|||| 00| 0 ara d
017 ## - COPYRIGHT OR LEGAL DEPOSIT NUMBER
Copyright or legal deposit number ٨٦/٧٨١٠
040 ## - CATALOGING SOURCE
Original cataloging agency EG-GICUC
Language of cataloging ara
Transcribing agency EG-GICUC
Modifying agency EG-GICUC
Description conventions rda
041 0# - LANGUAGE CODE
Language code of text/sound track or separate title ara
082 04 - DEWEY DECIMAL CLASSIFICATION NUMBER
Edition number 21
Classification number 342.52265
Item number ا ل . ا
092 04 - LOCALLY ASSIGNED DEWEY CALL NUMBER (OCLC)
Edition number 21
099 ## - LOCAL FREE-TEXT CALL NUMBER (OCLC)
Classification number Law1 08 342.52265 ا ل . ا 1986
100 0# - MAIN ENTRY--PERSONAL NAME
Personal name السيد يسين
Relator term مقدم.
245 10 - TITLE STATEMENT
Title انتخابات مجلس الشعب(1984) :
Remainder of title (دراسة وتحليل) /
Statement of responsibility, etc. تقديم : السيد يسين اشراف ؛ إشراف : د . على الدين هلال ؛ السيد زهرة، إيمان محمد حسين، جمال عبد الجواد، سيد عبد المجيد، ضياء رشوان، دينا الخواجه.
264 #1 - PRODUCTION, PUBLICATION, DISTRIBUTION, MANUFACTURE, AND COPYRIGHT NOTICE
Place of production, publication, distribution, manufacture القاهرة :
Name of producer, publisher, distributor, manufacturer مركز الدراسات السياسية والاستراتيجية،
Date of production, publication, distribution, manufacture, or copyright notice 1986.
300 ## - PHYSICAL DESCRIPTION
Extent 272 ؛صفحة
Dimensions 24 سم.
336 ## - CONTENT TYPE
Source rda content
Content type term text
337 ## - MEDIA TYPE
Source rda media
Media type term Computer
338 ## - CARRIER TYPE
Source rda carrier
Carrier type term Online Resource
546 ## - LANGUAGE NOTE
Language note النص باللغة العربية
650 14 - SUBJECT ADDED ENTRY--TOPICAL TERM
Topical term or geographic name entry element الإنتخاب بنظام الأغلبية
650 14 - SUBJECT ADDED ENTRY--TOPICAL TERM
Topical term or geographic name entry element القانون الدستوري
700 1# - ADDED ENTRY--PERSONAL NAME
Personal name على الدين هلال
Relator term مؤلف مشارك.
700 1# - ADDED ENTRY--PERSONAL NAME
Personal name السيد زهرة
Relator term مؤلف مشارك.
700 1# - ADDED ENTRY--PERSONAL NAME
Personal name إيمان محمد حسين
Relator term مؤلف مشارك.
700 1# - ADDED ENTRY--PERSONAL NAME
Personal name جمال عبد الجواد
Relator term مؤلف مشارك.
700 1# - ADDED ENTRY--PERSONAL NAME
Personal name سيد عبد الجواد
Relator term مؤلف مشارك.
700 1# - ADDED ENTRY--PERSONAL NAME
Personal name ضياء رشوان
Relator term مؤلف مشارك.
700 1# - ADDED ENTRY--PERSONAL NAME
Personal name دينا الخواجه
Relator term مؤلف مشارك.
856 40 - ELECTRONIC LOCATION AND ACCESS
Uniform Resource Identifier <a href="https://fll.law.cu.edu.eg/fulltext/bks/B08-01400.pdf">https://fll.law.cu.edu.eg/fulltext/bks/B08-01400.pdf</a>
905 ## - Cataloger and Reviser Names
Cataloger Name: Sara El-Gendy
Revisor Name: Yara
942 ## - ADDED ENTRY ELEMENTS (KOHA)
Source of classification or shelving scheme Dewey Decimal Classification
Koha item type Books
Edition 21
Suppress in OPAC No
Holdings
Withdrawn status Lost status Source of classification or shelving scheme Damaged status Not for loan Collection Home library Current library Date acquired Total checkouts Full call number Barcode Date last seen Copy number Price effective from Koha item type
    Dewey Decimal Classification   Not for loan القانون الدستوري جــــامعة القــاهرة مكتبة كلية الحقوق - المبنى الرئيسي 14.11.2025   Law1 342.52265 ا ل . ا 1986 0801400 C1 B08-01400 14.11.2025 1 14.11.2025 Books

© All rights reserved — Faculty of Law, Cairo University